| 000 | 00651nam a22002417a 4500 | ||
|---|---|---|---|
| 005 | 20170407145840.0 | ||
| 008 | 170407b xxu||||| |||| 00| 0 eng d | ||
| 020 | _cRs.295.00 | ||
| 040 | _aLoreto College | ||
| 041 | _aEnglish | ||
| 082 |
_a300.7 _bGOO |
||
| 100 | _aGoode,William J. | ||
| 245 |
_aMethods in social research _cWilliam J.Goode and Paul K.Hatt |
||
| 260 |
_aDelhi _bSurjeet Publications _c2006 |
||
| 300 |
_avi,38p _b22cm |
||
| 504 | _aIncludes index | ||
| 650 | _aResearch methodology-Social sciences | ||
| 650 | _aSocial research | ||
| 650 | _aSociology | ||
| 700 |
_4Auth _aHatt,Paul K. |
||
| 850 | _aLCLIB | ||
| 942 | _cBK | ||
| 999 |
_c41030 _d91509 |
||